000 01094nam a22003257a 4500
003 CHAP
005 20220329143423.0
008 090605s2008 es r 00010 spa d
010 _a96316
011 _a97288
020 _a9788483690598
035 _a107952
040 _cCHAP
082 0 4 _a371.3
_bM56
245 0 0 _aMetodologías del aprendizaje
_c/editado por Inés Carreño González
260 _aMadrid :
_bCultural,
_c2008
300 _a413 p. :
_bilus. + 1 CD 4 3/4 plgs.
500 _aConsulte CD en: www.ceres.chapingo.mx (Material complementario del libro impreso)
590 _aBATCH-UPD
_b10
_c20130110
_lUCH01
_h0558
590 _aBATCH-UPD
_b10
_c20130410
_lUCH01
_h0239
590 _aBATCH-UPD
_b10
_c20130914
_lUCH01
_h0852
590 _aCONVERSION
_b10
_c20130109
_lUCH01
_h1353
650 1 4 _aAprendizaje.
_96370
650 1 4 _aEnseñanza.
_937085
650 1 4 _aMétodos de estudio.
_976629
700 1 _aCarreño González, Inés
_e, ed.
_919370
901 _aBK
942 _cLIBRO
949 _a371.3 M56
_bBC
_cLIBRO
_d33724002094926
_eLIBRO
_gI.c/e
_h110595
_i107952
_si
_t$693.00
999 _c96316
_d96316